| 000 | 00635nam a2200205Ia 4500 | ||
|---|---|---|---|
| 003 | GCL | ||
| 008 | 140319s9999 xx 000 0 ara d | ||
| 040 |
_aGCL / _cGCL |
||
| 082 | 0 | 4 |
_a418.026 _bم ا |
| 100 | 1 | _aممدوح خسارة | |
| 245 | 1 | 0 |
_aالتعريب والتنمية اللغوية / _cممدوح خسارة |
| 300 | _a277 ص | ||
| 490 |
_aالهيئة العامة للاستعلامات _v0 |
||
| 650 | 0 | 4 | _aالنحو |
| 650 | 0 | 4 | _aالترجمة العربية |
| 650 | 0 | 4 | _aالتعريب |
| 650 | 0 | 4 | _aاللغة العربية - مصر |
| 650 | 0 | 4 | _aاللغة العربية - قراءة |
| 942 |
_2ddc _cBK |
||
| 999 |
_c50387 _d50387 |
||